Методические основы медико-социальной экспертизы. Ч. 3: Целевые реабилитационные группы, определяемые инвалидам и детям-инвалидам (Запись № 13644808)

Подробности
000 -МАРКЕР
контрольное поле 02456nam2a2200301 4500
001 - ИДЕНТИФИКАТОР ЗАПИСИ
контрольное поле RU\NLR\BIBL_A\022763465
005 - ИДЕНТИФИКАТОР ВЕРСИИ
контрольное поле 20260414145648.0
010 ## - МЕЖДУНАРОДНЫЙ СТАНДАРТНЫЙ НОМЕР КНИГИ (ISBN)
Номер (ISBN) 978-5-6054489-5-2
Тираж 500
021 ## - НОМЕР ГОСУДАРСТВЕННОЙ РЕГИСТРАЦИИ
Код страны Российская Федерация
Номер КН-П-26-005854
Номер Листа государственной регистраци КН-П-26-0572
035 ## - ДРУГИЕ СИСТЕМНЫЕ НОМЕРА
Идентификатор записи (NLR Aleph) 022763465
100 ## - ДАННЫЕ ОБЩЕЙ ОБРАБОТКИ
Данные общей обработки 20260323d2025 u y0rusy50 ca
101 0# - ЯЗЫК РЕСУРСА
Язык текста, звукозаписи и т.д. русский
102 ## - СТРАНА ПУБЛИКАЦИИ ИЛИ ПРОИЗВОДСТВА
Страна публикации Российская Федерация
105 ## - ПОЛЕ КОДИРОВАННЫХ ДАННЫХ: ТЕКСТОВЫЕ МАТЕРИАЛЫ, МОНОГРАФИЧЕСКИЕ
Кодированные данные о монографическом текстовом документе a j 000yy
200 1# - ЗАГЛАВИЕ И СВЕДЕНИЯ ОБ ОТВЕТСТВЕННОСТИ
Основное заглавие Целевые реабилитационные группы, определяемые инвалидам и детям-инвалидам
Первые сведения об ответственности Карасаева Л. А., Горяйнова М. В., ГоряйновИ. В. [и др.]
Последующие сведения об ответственности Федеральное государственное бюджетное учреждение Федеральный научно-образовательный центр медико-социальной экспертизы и реабилитации имени Г. А. Альбрехта, Министерства труда и социальной защиты Российской Федерации (ФГБУ ФНОЦ МСЭ и Р им. Г. А. Альбрехта Минтруда России)
210 ## - ПУБЛИКАЦИЯ, РАСПРОСТРАНЕНИЕ И ДР.
Дата издания, распространения и т.д. 2025
215 ## - ФИЗИЧЕСКАЯ ХАРАКТЕРИСТИКА
Специфическое обозначение материала и объем 67 с.
Другие сведения о физической характеристике табл.
320 ## - ПРИМЕЧАНИЯ О НАЛИЧИИ В ДОКУМЕНТЕ БИБЛИОГРАФИИ / УКАЗАТЕЛЯ
Текст примечания Библиогр.: с. 57–58
461 #0 - УРОВЕНЬ НАБОРА
Встроенное поле 001RU\NLR\BIBL_A\022763451
-- 2001#$aМетодические основы медико-социальной экспертизы$vЧ. 3
Системный номер (АБИС) связанной записи 13688582
Место публикации Санкт-Петербург
Дата публикации 2025–
Первые сведения об ответственности Карасаева Людмила Алексеевна, доктор медицинских наук, профессор, Горяйнова Марина Владимировна, кандидат медицинских наук, доцент, Горяйнов Игорь Владимирович, кандидат медицинских наук, Алисханов Ахмед Магомедович, врач
Имя издателя, распространителя и т.д. ФНОЦ МСЭиР им. Г. А. Альбрехта
Сведения, относящиеся к заглавию учебное пособие
Заглавие Методические основы медико-социальной экспертизы
Номер тома Ч. 3
606 1# - НАИМЕНОВАНИЕ ТЕМЫ КАК ПРЕДМЕТ
Наименование темы Инвалиды
Формальный подзаголовок Учебные издания
Тематический подзаголовок Реабилитация
Системный номер авторитетной/нормативной записи 1172477
Идентификатор авторитетной/нормативной записи RU\NLR\AUTH\66470643
606 1# - НАИМЕНОВАНИЕ ТЕМЫ КАК ПРЕДМЕТ
Наименование темы Дети-инвалиды
Формальный подзаголовок Учебные издания
Тематический подзаголовок Реабилитация
Системный номер авторитетной/нормативной записи 945232
Идентификатор авторитетной/нормативной записи RU\NLR\AUTH\66350370
686 1# - ИНДЕКСЫ ДРУГИХ КЛАССИФИКАЦИЙ
Индекс Р11(2)297я7
686 1# - ИНДЕКСЫ ДРУГИХ КЛАССИФИКАЦИЙ
Индекс Р11(2)442.97я7
942 ## - ДОПОЛНИТЕЛЬНЫЕ ЭЛЕМЕНТЫ ЗАПИСИ (АБИС)
Тип экземпляра АБИС Книга
980 ## - КОЛЛЕКЦИЯ
Название коллекции Национальная библиография

Нет доступных экземпляров.